01903cam a2200349 i 450000100090000000300090000900500170001800800410003502000420007602000390011804000380015708200190019510000360021424500540025025000200030426400630032426400100038730000470039733600260044433700280047033800270049850400520052552006960057765000340127365000300130765100100133765300200134765500240136794200120139199900170140395201330142017541158EG-ScBUE20250618083718.0121127t2013 flua f b 001 0 eng d a9781439898925 (hardback : alk. paper) a1439898928 (hardback : alk. paper) aDLCbengerdacDLCdDLCdEG-ScBUE04a539.7222bBRY1 aBryan, Jeff C.,eauthor.93808310aIntroduction to nuclear science /cJeff C. Bryan. aSecond edition. 1aBoca Raton : bCRC Press / Taylor & Francis Group,c[2013] 4cc2013 axviii, 402 pages :billustrations ;c25 cm 2rdacontentatextbtxt aunmediated2rdamediabn avolumebnc2rdacarrier aIncludes bibliographical references and index.  a"This introductory textbook covers general aspects of nuclear chemistry and physics. It discusses how nuclear science impacts our daily lives through medicine, electrical power generation, food safety, waste, and weapons. This second edition features four new chapters that address nuclear reactors, dosimetry, radiochemistry, and nuclear forensics. It also expands coverage of nuclear medicine and radiation therapy. With additional end-of-chapter problems, the text provides critical information for students earning nuclear-related degrees in the coming years, as well as providing an accessible reference for anyone with some post-secondary education and an interest in nuclear issues"-- 7aNuclear physics.2BUEsh96844 7aNuclear chemistry.2BUEsh 2BUEsh bENGGENcMay2015 vReading book934232 2ddccBB c19439d19411 00102ddc40708BaccahaMAINbMAINc1STd2015-05-26ePurchaseg490.00l0o539.7 BRYp000038327r2025-07-15 00:00:00v613.00yBB